| 000 | 00541nam a2200217Ia 4500 | ||
|---|---|---|---|
| 003 | OSt | ||
| 005 | 20220926043552.0 | ||
| 006 | a|||||r|||| 00| 0 | ||
| 007 | ta | ||
| 008 | 220923b |||||||| |||| 00| 0 eng d | ||
| 037 | _cGeneral Book | ||
| 040 |
_aRTL _cRTL _beng |
||
| 041 |
_2eng _aeng |
||
| 082 | _aJ:1, H1 | ||
| 100 |
_aKellogg Charles E. _9347945 |
||
| 245 | 0 | _aSoils that support us | |
| 260 | _c1941 | ||
| 650 |
_aAgriculture _927 |
||
| 942 |
_hJ:1, H1 _cGB _2CC |
||
| 999 |
_c672669 _d672669 |
||